|
|
|
|
| LEADER |
01279nam a2200325 a 4500 |
| 001 |
000635596 |
| 003 |
CZ BrMZK |
| 005 |
20090605131934.0 |
| 007 |
ta |
| 008 |
021112s2002 xo e p slo d |
| 020 |
|
|
|a 80-225-1543-4
|
| 040 |
|
|
|a BOA001
|b cze
|
| 072 |
|
7 |
|a 364
|x Sociální problémy vyžadující podporu a pomoc. Sociální zabezpečení
|2 Konspekt
|9 18
|
| 072 |
|
7 |
|a 37.016
|x Učební osnovy. Vyučovací předměty. Učebnice
|2 Konspekt
|9 22
|
| 080 |
|
|
|a 364
|2 MRF
|
| 080 |
|
|
|a (075.8)
|2 MRF
|
| 100 |
1 |
|
|a Rievajová, Eva,
|d 1951-
|7 mzk2003208527
|4 aut
|
| 245 |
1 |
0 |
|a Sociálne zabezpečenie /
|c Eva Rievajová
|
| 250 |
|
|
|a Vyd. 1.
|
| 260 |
|
|
|a Bratislava :
|b Ekonóm,
|c 2002
|
| 300 |
|
|
|a 187 s. :
|b il. ;
|c 29 cm
|
| 500 |
|
|
|a Vydavatel: Národnohospodárska fakulta Ekonomickej univerzity
|
| 504 |
|
|
|a Obsahuje bibliografii
|
| 541 |
|
|
|a Bratislava, Centrum vedecko-technických informácií SR
|
| 650 |
0 |
7 |
|a sociální zabezpečení
|7 ph116215
|2 czenas
|
| 655 |
|
7 |
|a učebnice vysokých škol
|7 fd133772
|2 czenas
|
| 710 |
2 |
|
|a Ekonomická univerzita v Bratislave.
|b Národohospodárska fakulta
|7 mzk2002157192
|
| 910 |
|
|
|a BOA001
|b 3-1109.883
|
| 990 |
|
|
|a BK
|
| 996 |
7 |
|
|b 2610175573
|c 3-1109.883
|l MZK
|r Sklad / do 1 hodiny
|n 6
|p vým
|w 000635596
|u 000010
|a 1
|e BOA001
|j MZK50
|s A
|